000 00487nam a2200181 i 4500
001 96857
003 ES-MaACL
005 20230906182004.0
007 t|
008 050701s1928 fr ||||1| fre d
100 1 _aMann, Heinrich.
_976050
245 1 2 _aL'Empire-Sujet ! /
_cHeinrich Mann ; traduit de l'allemand par Paul Budry.
250 _a5ยช ed.
260 _aParis :
_bKra,
_c1928.
300 _a464 p. ;
_c19 cm.
700 1 _aBudry, Paul.
_932339
852 _aES-MaACL
_jA-2141
999 _c96857
_d96857